00798cam a22002297a 4500008004100000020002300041245008800064250001200152260004800164300003200212504006000244650004900304650004300353650005300396650002100449655002100470700001900491710003100510003000100541005001700542040000900559  a9241545453 (pbk. )00aBasic laboratory procedures in clinical bacteriology /cJ. Vandepitte ... [et al.]. a2nd ed. aGeneva :bWorld Health Organization,c2003. aviii, 167 :bill. ;c30 cm. aIncludes bibliographical references (p. 154) and index. 0aDiagnostic bacteriologyvLaboratory manuals.12aBacteriological Techniquesxstandards.22aLaboratory Techniques and Proceduresxstandards.22aQuality Control. 7aGuideline.2mesh1 aVandepitte, J.2 aWorld Health Organization.20230120204112.0 cNUST